000 00462nam a2200145 4500
999 _c518
_d518
008 150512b xxu||||| |||| 00| 0 eng d
020 _a007003852X
050 _aSF 61 .B35 1988
100 _aBarrick, Kirby R.
_d1988
245 _aAnimal production and management
260 _aIllinois:
_bGlencoe Division,
_c1988
300 _avii, 402p. :
_bill.
_c24cm
650 _aLivestock
942 _2lcc
_cBOOKS
_hSF 61 .B35 1988
_kSF
_m61 .B35 1988
_07